Paroles La scoutance - Le cinquième - Statistiques

Statistiques générales
  • Ce quiz a été pris 24 fois
  • Le résultat moyen est 150 sur 380
Statistiques - réponses
Réponse % Correct
la
100%
ce
92%
ces
83%
mon
83%
scoutance
83%
c'est
75%
de
75%
le
75%
ma
75%
te
75%
du
58%
et
58%
il
58%
je
58%
pas
58%
Pas
58%
a
50%
à
50%
chocolat
50%
dans
50%
des
50%
étoiles
50%
faire
50%
fait
50%
froid
50%
hôtel
50%
Hotel
50%
hotêl
50%
jusqu'au
50%
petit
50%
sur
50%
Voyager
50%
voyager
50%
10%
42%
bananes
42%
bienveillance
42%
ça
42%
duvet
42%
J'vais
42%
j'vais
42%
kiffer
42%
manger
42%
Nirvana
42%
plus
42%
Plus
42%
sans
42%
1000
33%
délivrée
33%
feu
33%
flambys
33%
gober
33%
Gober
33%
les
33%
me
33%
on
33%
On
33%
ordonnance
33%
ou
33%
se
33%
tes
33%
un
33%
au
25%
Au
25%
avec
25%
danse
25%
d'la
25%
j'ai
25%
mais
25%
matos
25%
nom
25%
noter
25%
poésies
25%
pour
25%
profs
25%
Quechua
25%
quechua
25%
rentre
25%
week-ends
25%
allez
17%
amis
17%
camp
17%
chemise
17%
cuisine
17%
dos
17%
foulard
17%
grand
17%
ici
17%
mes
17%
notre
17%
nous
17%
oublie
17%
parle
17%
plier
17%
quand
17%
sac
17%
suis
17%
tentes
17%
vaisselle
17%
400
8%
âge
8%
après
8%
bientôt
8%
bois
8%
chaussures
8%
cinquième
8%
comme
8%
consciencieux
8%
coups
8%
déchaine
8%
Depuis
8%
devenu
8%
d'Uber
8%
éliminer
8%
étincelles
8%
fais
8%
ferait
8%
fermier
8%
fin
8%
flambeau
8%
grands
8%
héros
8%
installations
8%
jeune
8%
l'euphorie
8%
lis
8%
local
8%
loup-garou
8%
lumière
8%
mal
8%
matou
8%
même
8%
mêmes
8%
messe
8%
mieux
8%
mis
8%
ne
8%
n'y
8%
passerai
8%
pertes
8%
photos
8%
pleut
8%
premier
8%
promis
8%
propre
8%
qu'on
8%
rando
8%
rendez-vous
8%
sait
8%
sera
8%
serais
8%
si
8%
son
8%
toujours
8%
tour
8%
tourne
8%
tous
8%
veillées
8%
viendra
8%
vieux
8%
viré
8%
y'aura
8%
années
0%
Bethléem
0%
comment
0%
d'différences
0%
d'differences
0%
Eats
0%
entre
0%
éviter
0%
hachettes
0%
l'calandrier
0%
m'apprennet
0%
Pendant
0%
plein
0%
qu'après
0%
rallumé
0%
scies
0%
secrètes
0%
semaines
0%
sert
0%
sommeil
0%
tartiflette
0%
techniques
0%
Thomson
0%
toutes
0%
trois
0%
vrai
0%
Aucun quiz correspondant
Distribution des résultats
% des personnes avec chaque résultat
Percentile par nombre de réponses
Votre historique - résultats
Vous n’avez pas pris ce quiz